Turrubares: Producción agropecuaria, rama de actividad, empleo, salarios, migración estacional, inmigración /
Na minha lista:
| Autores corporativos: | , |
|---|---|
| Formato: | Texto |
| Publicado em: |
San José :
IFAM. AITEC
|
| Assuntos: | |
| Tags: |
Adicionar Tag
Sem tags, seja o primeiro a adicionar uma tag!
|
MARC
| LEADER | 00000 a a2200000 04500 | ||
|---|---|---|---|
| 001 | 16996 | ||
| 003 | |||
| 040 | |||
| 020 | |a [sin ISBN] | ||
| 022 | |a [sin ISBN] | ||
| 090 | |a 1001 I59t | ||
| 110 | |a Instituto de Fomento y Asesoría Municipal [Costa Rica] | ||
| 245 | |a Turrubares: Producción agropecuaria, rama de actividad, empleo, salarios, migración estacional, inmigración / |c Instituto de Fomento y Asesoría Municipal [Costa Rica] | ||
| 260 | |a San José : |b IFAM. AITEC | ||
| 300 | |a 12 p. | ||
| 650 | |a ESTADISTICAS DE PRODUCCION | ||
| 650 | |a INMIGRACION | ||
| 650 | |a EMPLEO | ||
| 650 | |a TURRUBARES | ||
| 710 | |a Acción Internacional Técnica, División de Acción Internacional | ||
| 999 | |c 12058 |d 12058 | ||
